[Event "Baden-ch op"]
[Site "Badenweiler"]
[Date "2009.06.02"]
[Round "2"]
[White "Gross, Markus"]
[Black "Braun, Ruediger Thomas"]
[Result "1/2-1/2"]
[WhiteElo "2080"]
[BlackElo "1956"]
[PlyCount "104"]
[EventDate "2009.06.01"]
[EventType "swiss"]
[EventRounds "9"]
[EventCountry "GER"]
[SourceTitle "EXT 2010"]
[Source "ChessBase"]
[SourceDate "2010.11.25"]
[SourceVersion "1"]
[SourceVersionDate "2010.11.25"]
[SourceQuality "1"]

1. c4 Nc6 2. Nc3 Nf6 3. e4 e5 4. Nf3 Bc5 5. h3 0-0 6. d3 h6 7. Be2 d6 8. a3 a6 9. 0-0 Ne7 10. d4 exd4 11. Nxd4 Re8 12. Nb3 Ba7 13. Re1 Ng6 14. Bf1 Be6 15. Be3 Bxe3 16. Rxe3 Qd7 17. Nd4 Ne5 18. b3 Nc6 19. Nc2 Rad8 20. f4 Qc8 21. b4 Re7 22. Nd5 Bxd5 23. cxd5 Nb8 24. Qf3 Rde8 25. Rae1 Qd7 26. Nd4 g6 27. Bc4 c6 28. dxc6 bxc6 29. Bb3 Qa7 30. Qg3 d5 31. Nf5 Rxe4 32. Kh2 Rxe3 33. Rxe3 Rxe3 34. Nxe3 Ne4 35. Qe1 Nd7 36. Ba4 Qc7 37. g3 Nb6 38. Bc2 Qe7 39. Ng4 h5 40. Ne5 Nd7 41. Nxc6 Qf6 42. Bxe4 Qxc6 43. Bg2 Qd6 44. Qd2 Nf6 45. Qd4 Qc6 46. Qe5 Ne4 47. Qb8+ Kh7 48. Qf8 Qe6 49. Qd8 Qf5 50. a4 Nc3 51. b5 axb5 52. axb5 Nxb5 1/2-1/2